Islamic Life and Thought. (Record no. 348377)

000 -LEADER
fixed length control field 00374 a2200145 4500
082 ## - DEWEY DECIMAL CLASSIFICATION NUMBER
Classification number 909.09767119
090 ## - LOCALLY ASSIGNED LC-TYPE CALL NUMBER (OCLC); LOCAL CALL NUMBER (RLIN)
-- 5988
-- 5988
100 ## - MAIN ENTRY--PERSONAL NAME
Personal name Nasr,Seyyed Hossein.
245 ## - TITLE STATEMENT
Title Islamic Life and Thought.
Statement of responsibility, etc. Seyyed Hossein Nasr.
250 ## - EDITION STATEMENT
Edition statement 2nd.
260 ## - PUBLICATION, DISTRIBUTION, ETC.
Place of publication, distribution, etc. Lahore.
Name of publisher, distributor, etc. Suhail Academy.
Date of publication, distribution, etc. 1999.
300 ## - PHYSICAL DESCRIPTION
Extent 232p.
500 ## - GENERAL NOTE
General note Hardcover.
942 ## - ADDED ENTRY ELEMENTS (KOHA)
Institution code [OBSOLETE] NBS
Koha item type Book
Call number prefix 909.09767119 SEY
Holdings
Withdrawn status Lost status Damaged status Not for loan Permanent Location Current Location Date acquired Total Checkouts Total Renewals Full call number Barcode Date last seen Date last checked out Price effective from Koha item type
        Central Library (CL) Central Library (CL) 08/28/2013 7 4 909.09767119 SEY NBSD-1362 01/26/2026 11/22/2025 08/28/2013 Book
© 2023 Central Library, National University of Sciences and Technology. All Rights Reserved.